000 003490000a22001570004500
001 004790
003 MACL
040 _aMACL
090 _c16783
_d16782
100 _aLama, Dalai
245 _aBeyond Dogma
_bThe Challenge Of The Modern World
_cDalai Lama
260 _aRupa &Co,
_c1997
350 _a95
650 _aPhilosophy
942 _k100
_cBook
999 _c16676
_d16676